01398 a2200157 45000010006000000050017000060080041000230030015000640400040000790800100001192450043002192640058002623000019003205050881003391000020012205313220260407155805.0260407a1964 arg spa dAR-UNSa-BCEJYS aAR-UNSa-BCEJYSbspacAR-UNSa-BCEJYS a331.101xCuestiones laborales de carácter general. Teoría del trabajo. Ciencia del trabajo 10aIntroducción a la economía laboral 1aBuenos Aires :bTipográfica Editora Argentinac1964 a700 p.c23 cm. aParte I. El mercado laboral: 1. Al estudiante - 2. La población y la fuerza laboral - 3. Mercados laborales en Estados Unidos – Parte II. El movimiento laboral: 4. La fuerza laboral organizada en la actualidad - 5. Los primeros 100 años: 1786-1886 - 6. La era de la ALF - 7. El surgimiento de la fuerza laboral organizada de 1963 hasta al presente - 8. Organización y administración sindical - 9. La negociación colectiva - 10. Huelgas, piquetes y boicots - 11. Orígenes y objetivos de la fuerza laboral organizada – Parte III. Seguridad de empleo: 12. El problema de la desocupación - 13. Ocupación plena, inflación, desarrollo económico, desocupación cíclica – Parte IV. Salarios: 14. El problema de los salarios. Diferenciales de salarios - 15. Teoría y política de los salarios. Problemas - 16. Reglamentación pública de los salarios1 aPhelps, Orme W.